Faculty of Law Library — Cairo University

Official Online Catalog

المشكلات العملية في جرائم الغش والتدليس في ضوء القانون الجديد / (Record no. 48757)

MARC details
000 -LEADER
fixed length control field 01401nam a2200313 4500
003 - CONTROL NUMBER IDENTIFIER
control field EG-GICUC
005 - DATE AND TIME OF LATEST TRANSACTION
control field 20260121101436.0
008 - FIXED-LENGTH DATA ELEMENTS--GENERAL INFORMATION
fixed length control field 251206s1996 ua ||||fr|||| 000 0 ara d
040 ## - CATALOGING SOURCE
Original cataloging agency EG-GICUC
Language of cataloging ara
Transcribing agency EG-GICUC
Modifying agency EG-GICUC
Description conventions rda
041 0# - LANGUAGE CODE
Language code of text/sound track or separate title ara
082 04 - DEWEY DECIMAL CLASSIFICATION NUMBER
Edition number 21
Classification number 343.451
Item number م ر . م
092 04 - LOCALLY ASSIGNED DEWEY CALL NUMBER (OCLC)
Edition number 21
099 ## - LOCAL FREE-TEXT CALL NUMBER (OCLC)
Classification number Law1 10 343.451 م ر . م 1996
110 1# - MAIN ENTRY--CORPORATE NAME
Corporate name or jurisdiction name as entry element مصر.
Subordinate unit مركز بحوث ودراسات مكافحة الجريمة ومعاملة المجرمين.
Relator term مؤلف.
245 12 - TITLE STATEMENT
Title المشكلات العملية في جرائم الغش والتدليس في ضوء القانون الجديد /
Statement of responsibility, etc. مركز بحوث ودراسات مكافحة الجريمة ومعاملة المجرمين.
264 #3 - PRODUCTION, PUBLICATION, DISTRIBUTION, MANUFACTURE, AND COPYRIGHT NOTICE
Place of production, publication, distribution, manufacture الجيزة :
Name of producer, publisher, distributor, manufacturer مركز جامعة القاهرة للطباعة,
Date of production, publication, distribution, manufacture, or copyright notice 1996.
300 ## - PHYSICAL DESCRIPTION
Extent 405 صفحة، صفحات غير مرقمة ؛
Dimensions 24 سم.
336 ## - CONTENT TYPE
Source rda content
Content type term text
337 ## - MEDIA TYPE
Source rda media
Media type term Computer
338 ## - CARRIER TYPE
Source rda carrier
Carrier type term Online Resource
500 ## - GENERAL NOTE
General note ندوة علمية نظمها المركز في نوفمبر سنة 1995.
504 ## - BIBLIOGRAPHY, ETC. NOTE
Bibliography, etc. note يشتمل على إرجاعات ببليوجرافية.
546 ## - LANGUAGE NOTE
Language note النص باللغة العربية
650 1# - SUBJECT ADDED ENTRY--TOPICAL TERM
Topical term or geographic name entry element قمع الغش والتدليس
Source of heading or term qrmak
651 1# - SUBJECT ADDED ENTRY--GEOGRAPHIC NAME
Source of heading or term qrmak
856 40 - ELECTRONIC LOCATION AND ACCESS
Uniform Resource Identifier <a href="https://fll.law.cu.edu.eg/fulltext/bks/B10-05384.pdf">https://fll.law.cu.edu.eg/fulltext/bks/B10-05384.pdf</a>
905 ## - Cataloger and Reviser Names
Cataloger Name: Omar
Revisor Name: Yara
942 ## - ADDED ENTRY ELEMENTS (KOHA)
Source of classification or shelving scheme Dewey Decimal Classification
Koha item type Books
Edition 21
Suppress in OPAC No
Holdings
Withdrawn status Lost status Source of classification or shelving scheme Damaged status Not for loan Collection Home library Current library Date acquired Total checkouts Full call number Barcode Date last seen Copy number Price effective from Koha item type
    Dewey Decimal Classification   Not for loan القانون الجنائي جــــامعة القــاهرة مكتبة كلية الحقوق - المبنى الرئيسي 06.12.2025   Law1 10 343.451 م ر . م 1996 1005384 C1 B10-05384 06.12.2025 1 06.12.2025 Books
    Dewey Decimal Classification     القانون الجنائي جــــامعة القــاهرة مكتبة كلية الحقوق - المبنى الرئيسي 06.12.2025   Law1 10 343.451 م ر . م 1996 1005385 C2 B10-05385 06.12.2025 2 06.12.2025 Books
    Dewey Decimal Classification     القانون الجنائي جــــامعة القــاهرة مكتبة كلية الحقوق - المبنى الرئيسي 06.12.2025   Law2 10 343.451 م ر . م 1996 1005386 C3 B10-05386 06.12.2025 3 06.12.2025 Books

© All rights reserved — Faculty of Law, Cairo University